• 首页
  • 本馆介绍
  • 公告通知
  • 最新文献
  • 馆藏检索
  • 电子资源
  • 读者荐购
  • 参考咨询
  • CALIS
  • 我的图书馆
  • 登录
  • 详细信息显示
  • 放入我的书架
  • 预约/预借图书
  • 作者相关作品
  • 分类相关作品
  • 丛书相关作品
  • 出版社相关作品

书目信息

  • 表格格式
  • 工作单格式
  • 卡片格式
题名:
二十年目睹之怪现状
    
 
作者: 吴趼人 著
分册:  
出版信息: 长沙   岳麓书社  1993.08
页数: 526页
开本: 32开
丛书名:
单 册:
中图分类: I242.4
科图分类:
主题词: 小说--中国
电子资源:
ISBN: 7-80520-394-6
 
 
 
 
 
000 00552nam0 2200193 45
001 0010241070
005 20001024102615.6
010    @a7-80520-394-6@d16.20元
100    @a20001024d1993 km y0chiy0120 ea
101 0  @achi
105    @a z 000yy
200 1  @a二十年目睹之怪现状@AEr Shi Nian Mu Du Zhi Guai Xian Zhuang@f吴趼人著@FWu Jian Ren Zhu
210    @a长沙@c岳麓书社@d1993.08
215    @a526页@d32开
606 0  @a小说@x中国
690    @aI242.4@v3
701  0 @a吴趼人@4著
801    @aCN@bPftUser@c20001024
905    @b185733-735@dI242.4@eW708@f3
    
    二十年目睹之怪现状/吴趼人著.-长沙:岳麓书社,1993.08
    526页;32开
    
    
    ISBN 7-80520-394-6:16.20元
    
●
相关链接 在E读中查询图书 在当当中查询图书 在豆瓣中查询图书


正题名:二十年目睹之怪现状     索取号:I242.4/W708         预约/预借

序号 登录号 条形码 馆藏地/架位号 状态 备注
1 185733   201857339   社科二线422/422社科库 16排1列2层/ [索取号:I242.4/W708] 在馆    
2 185734   201857348   社科二线422/422社科库 16排1列2层/ [索取号:I242.4/W708] 在馆    
3 185735   201857357   社科二线400B/400B社科库 14排4列6层/ [索取号:I242.4/W708] 在馆    
河南城建学院图书馆 欢迎您!
大连网信软件有限公司© 版权所有